| 000 | 01402nam a22002417a 4500 | ||
|---|---|---|---|
| 005 | 20210325191246.0 | ||
| 008 | s2538 th tha d | ||
| 041 | _atha | ||
| 090 | _aว Q125 ส815ว 2538 | ||
| 100 | 0 | _aสุนันทา รามัญวงศ์ | |
| 245 | 1 | 0 | _aวิทยาศาสตร์และเทคโนโลยีกับความมั่นคงของประเทศในทศวรรษหน้า |
| 260 | 3 |
_aกรุงเทพฯ : _bวิทยาลัยป้องกันราชอาณาจักร, _c2538 |
|
| 300 |
_a92 หน้า : _b ภาพประกอบ, ตาราง ; _c 28 ซม. |
||
| 650 | 0 | 4 | _aการพัฒนาทางวิทยาศาสตร์และเทคโนโลยี -- แนวโน้ม -- วิจัย |
| 650 | 0 | 4 | _aนโยบายวิทยาศาสตร์ -- วิจัย |
| 650 | 0 | 4 | _aวิทยาศาสตร์กับการพัฒนาประเทศ -- วิจัย |
| 650 | 0 | 4 | _aวิทยาศาสตร์กับเทคโนโลยี -- วิจัย |
| 650 | 0 | 4 | _aเทคโนโลยีกับการพัฒนาประเทศ -- วิจัย |
| 850 | _aNALT | ||
| 942 | _cRSH | ||
| 997 |
_c000000000027901 _kVC |
||
| 998 | _aNISA LUANGTONGKUM | ||
| 999 |
_c27901 _d27901 |
||